| 000 | 01402nam a2200337 i 4500 | ||
|---|---|---|---|
| 001 | 768714001 | ||
| 003 | CO-MdFUSB | ||
| 005 | 20230927103651.0 | ||
| 007 | ta | ||
| 008 | 870928t19881987miu b |||| ||eng|| | ||
| 020 | _a0851117473 | ||
| 040 |
_aDLC _bspa _cCO-MdFUSB _dCO-MdFUSB _erda |
||
| 041 | _aeng | ||
| 082 |
_223 _a227.107 _bM876e |
||
| 100 | 1 |
_aMorris, Leon, _eautor |
|
| 245 | 0 | 4 |
_aThe epistle to the Romans _c/ Leon Morris |
| 264 | 1 |
_aGrand Rapids, Michigan : _bWilliam B. Eerdmans Pub. Co., _c1987 |
|
| 264 | 4 | _c© 1988 | |
| 300 |
_a578 páginas _c; 24 cm |
||
| 336 |
_2rdacontent. _btxt _atexto |
||
| 337 |
_2rdamedia. _asin mediación _bn |
||
| 338 |
_2rdacarrier. _avolumen _bnc |
||
| 504 | _aIncluye índices | ||
| 505 | _aIntroducción -- Autoría -- Destino -- Fecha y lugar de escritura -- Ocasión -- Contenido -- La(s) edición(es) más breve(s) -- El destino del capítulo 16 -- Análisis -- Texto, exposición y notas -- Romanos 1 -- Romanos 2 -- Romanos 3 -- Romanos 4 -- Romanos 5 -- Romanos 6 -- Romanos 7 -- Romanos 8 -- Romanos 9 -- Romanos 10 -- Romanos 11 -- Romanos 12 -- Romanos 13 -- Romanos 14 -- Romanos 15 -- Romanos 16 | ||
| 563 | _aTapa dura | ||
| 630 | 0 | 7 |
_aBiblia. _pNuevo Testamento _xCrítica, interpretación, etc. |
| 630 | 0 | 7 |
_aBiblia. _pRomanos _xCrítica, interpretación, etc. |
| 942 | _cBK | ||
| 945 | _aMag1104 | ||
| 999 |
_c68598 _d68598 |
||